000 00729nam a22002537a 4500
003 UA-OsUOA
001 28000
007 ta
008 20040917b un ||||| |||| 00| 0 ukr d
100 _aХарьковщенко Є. А.
090 _a260.1(477)
_bХ23
942 _cBK
040 _aUA-OsUOA
_bukr
_cUA-OsUOA
_dUA-OsUOA
245 _aСофійність київського християнства
_bмонографія
300 _a224 с.
955 _a1
041 _aukr
080 _a260.1(477)
260 _aК.
_bНаукова думка
_c2003
044 _aUA
250 _n2-ге вид., доопрац.
650 7 _a26 Християнська Церква загалом
_2UDC
999 _c314353
_d314353